LEADER 02679nam0 2200493 i 450 001 RMG0034759 005 20251003044337.0 010 $a8814086036 020 $aIT$b2002-369 100 $a20060929d2001 ||||0itac50 ba 101 | $aita 102 $ait 181 1$6z01$ai $bxxxe 182 1$6z01$an 200 1 $aˆI ‰contratti di internet e del commercio elettronico$fFulvio Sarzana di S. Ippolito$gprefazione di Giuseppe Mirabelli 210 $aMilano$cA. Giuffrè$d[2001] 215 $aXI, 156 p.$d24 cm 225 | $aInformatica e ordinamento giuridico$v17 300 $aSegue: Appendice normativa. 410 0$1001CFI0012032$12001 $aInformatica e ordinamento giuridico$v17 606 $aCommercio elettronico$xLegislazione$2FIR$3CFIC112541$9E 606 $aContratti telematici$2FIR$3CFIC126183$9E 676 $a343$9DIRITTO IN MATERIA DI FINANZA PUBBLICA, DIRITTO TRIBUTARIO, IN MATERIA DI COMMERCIO...$v12 676 $a343.4509944$9Regolazione e controllo delle telecomunicazioni. Comunicazioni con il computer. Italia$v19 676 $a343.4509944$9REGOLAMENTAZIONE E CONTROLLO DELLE TELECOMUNICAZIONI. COMUNICAZIONI DEGLI ELABORATORI. ITALIA$v21 676 $a346.45020285$9CONTRATTI E RAPPRESENTANZA. ITALIA. Elaborazione dei dati$v21 696 $aE-commerce$aCommercio online$aEcommerce$aCommercio on-line 696 $aContratti elettronici 699 $aCommercio elettronico$yE-commerce 699 $aCommercio elettronico$yCommercio online 699 $aCommercio elettronico$yEcommerce 699 $aCommercio elettronico$yCommercio on-line 699 $aContratti telematici$yContratti elettronici 700 1$aSarzana di S. Ippolito$b, Fulvio$3TO0V343833$4070$0258656 790 1$aSarzana di Sant'Ippolito$b, Fulvio$3CFIV214558$zSarzana di S. Ippolito, Fulvio 790 1$aSarzana di S. Ippolito$b, Salvatore Fulvio$3CFIV365894$zSarzana di S. Ippolito, Fulvio 801 3$aIT$bIT-000000$c20060929 850 $aIT-BN0095 $aIT-NA0070 901 $bNAP 01$cD $n$ 912 $aRMG0034759 950 0$aBiblioteca Centralizzata di Ateneo$c1 v.$d 01D (AR) 31 177$e 01AR 0700311775 VMA 1 v.$fY $h20131007$i20131007$c1 v. in due copie$d 01D (AR) 31 178$e 01AR 0700311785 VMA (bis 1 v. (2. copia)$fY $h20131007$i20131007$c1 v. in tre copie$d 01D (AR) 31 643$e 01AR 0700316435 VMA (ter 1 v. (3. copia)$fY $h20131029$i20131029 977 $a 01$a BU 996 $aContratti di internet e del commercio elettronico$966749 997 $aUNISANNIO